Dhaldai manzar / (Record no. 525524)
[ view plain ]
| 000 -LEADER | |
|---|---|
| fixed length control field | 00466nam a22001817a 4500 |
| 003 - CONTROL NUMBER IDENTIFIER | |
| control field | NUST |
| 005 - DATE AND TIME OF LATEST TRANSACTION | |
| control field | 20190702145243.0 |
| 020 ## - INTERNATIONAL STANDARD BOOK NUMBER | |
| Terms of availability | (Hbk) |
| 038 ## - RECORD CONTENT LICENSOR | |
| Staff Name | M. Shaban |
| 082 ## - DEWEY DECIMAL CLASSIFICATION NUMBER | |
| Classification number | 891.4911 |
| Author Mark | SHA |
| 100 ## - MAIN ENTRY--PERSONAL NAME | |
| Personal name | Shah, Saad Ullah |
| 9 (RLIN) | 16422 |
| 245 ## - TITLE STATEMENT | |
| Title | Dhaldai manzar / |
| Statement of responsibility, etc. | Saad Ullah Shah |
| 260 ## - PUBLICATION, DISTRIBUTION, ETC. | |
| Place of publication, distribution, etc. | Lahore : |
| Name of publisher, distributor, etc. | Orient publishers, |
| Date of publication, distribution, etc. | 1990. |
| 300 ## - PHYSICAL DESCRIPTION | |
| Extent | 96 p. ; |
| 880 ## - ALTERNATE GRAPHIC REPRESENTATION | |
| Linkage | 100-01\r |
| Title | سعداللہ شاہ |
| 880 ## - ALTERNATE GRAPHIC REPRESENTATION | |
| Linkage | 245-02\r |
| Title | ڈھلدےمنظر / |
| 942 ## - ADDED ENTRY ELEMENTS (KOHA) | |
| Source of classification or shelving scheme | |
| Koha item type | Book |
| Withdrawn status | Lost status | Source of classification or shelving scheme | Damaged status | Not for loan | Permanent Location | Current Location | Shelving location | Date acquired | Total Checkouts | Full call number | Barcode | Date last seen | Price effective from | Koha item type |
|---|---|---|---|---|---|---|---|---|---|---|---|---|---|---|
| Central Library (CL) | Central Library (CL) | Punjabi Literature | 07/02/2019 | 891.4911 SHA | CL-E-845 | 07/02/2019 | 07/02/2019 | Book |
